| 000 | 00433nam a2200181Ia 4500 | ||
|---|---|---|---|
| 005 | 20260605110440.0 | ||
| 008 | 131103s9999 xx 000 0 und d | ||
| 040 | _aLoreto College | ||
| 041 | _aEnglish | ||
| 082 |
_a823 A _bADA |
||
| 100 | _aAdams, Nancy | ||
| 245 |
_aSaxon sheep _cNancy Adams |
||
| 260 |
_aMelbo0rne _bF. W. Cheshire _c1961 |
||
| 300 | _a247p. | ||
| 650 | _aEnglish fiction | ||
| 850 | _aLCLIB | ||
| 942 | _cBK | ||
| 999 |
_c22275 _d72754 |
||